5 Tokoh Pengugat Zaman

Bibliographic Details
Main Author: Mahmood Zuhdi Hj. Abdul Majid, Dato' Paduka
Format: Book
Published: Selangor : PTS Islamika Sdn. Bhd. , 2011
Subjects:

MARC

LEADER 00000cam a2200000 7i4500
001 0000096222
005 20120626.0
008 120606 bm
020 |a 9789673660384 
090 0 0 |a 922.97 MAH 
100 1 |a Mahmood Zuhdi Hj. Abdul Majid, Dato' Paduka 
245 1 0 |a 5 Tokoh Pengugat Zaman   |c Dato' Paduka Mahmood Zuhdi Hj. Abdul Majid 
260 |a Selangor :   |b PTS Islamika Sdn. Bhd. ,   |c 2011 
300 |a ix.,196p. ;   |c 23cm. 
650 0 0 |a Scholars 
999 |a 0000129761   |b Buku   |c Rak Terbuka   |e Perpustakaan Komuniti UTC Melaka 
999 |a 0000129762   |b Buku   |c Rak Terbuka   |e Perpustakaan Komuniti UTC Melaka